000 00256nam a22001217a 4500
008 190129b xxu||||| |||| 00| 0 eng d
041 _aeng
080 _a591
100 _a7
101 _aZOO
245 _aThe Golden Throng
_cTeale, E.W
942 _2udc
_cBK
999 _c53874
_d53874